000 01496cam a22003374a 4500
999 _c7163
_d7163
001 12212962
003 OSt
005 20210908102309.0
008 001027s2001 enka b 001 0 eng
010 _a 00053086
020 _a0198505531
020 _a0198505523 (pbk.)
040 _aDLC
_cDDC
_dDLC
042 _apcc
050 0 0 _aQD905.2
_b.H355 2001
082 0 0 _a548.HAM2001
100 1 _aHammond, C.
_q(Christopher),
_d1942-
_914744
245 1 4 _aThe basics of crystallography and diffraction /
_cEdited by Hammond,Christopher
250 _a2nd ed.
260 _aOxford ;
_aNew York :
_bOxford University Press,
_cc2001.
300 _axiii,331p;
_bill. ;
_c25 cm.
440 0 _aInternational Union of Crystallography texts on crystallography ;
_v5
_914745
500 _a"International Union of Crystallography."
504 _aIncludes; bibliographical references (p. [317]-322) and index.
650 0 _aChemistry
_9797
856 4 2 _3Publisher description
_uhttp://www.loc.gov/catdir/enhancements/fy0610/00053086-d.html
856 4 1 _3Table of contents only
_uhttp://www.loc.gov/catdir/enhancements/fy0610/00053086-t.html
906 _a7
_bcbc
_corignew
_d1
_eocip
_f20
_gy-gencatlg
942 _2ddc
_cO_SHELF